[Event "Women's Baku Chess Olympiad"]
[Site "chess24.com"]
[Date "2016.09.13"]
[Round "11"]
[White "Maina, Purity"]
[Black "Cumberbatch, Gabriela"]
[Result "1/2-1/2"]
[Board "3"]
[WhiteID "10800514"]
[WhiteElo "1528"]
[WhiteTitle "WCM"]
[WhiteCountry "KEN"]
[WhiteFideId "10800514"]
[WhiteEloChange "-6"]
[BlackID "11102330"]
[BlackElo "1312"]
[BlackCountry "BAR"]
[BlackFideId "11102330"]
[BlackEloChange "6"]

1. e4 {[%clk 1:30:57]} d5 {[%clk 1:30:44]} 2. exd5 {[%clk 1:30:28]} Qxd5 {[%clk
1:31:02]} 3. Nc3 {[%clk 1:30:08]} Qd6 {[%clk 1:31:12]} 4. d4 {[%clk 1:30:03]} Nf6
{[%clk 1:31:27]} 5. h3 {[%clk 1:28:35]} g6 {[%clk 1:31:15]} 6. Nf3 {[%clk
1:28:42]} Bg7 {[%clk 1:29:36]} 7. Be3 {[%clk 1:28:42]} a6 {[%clk 1:28:16]} 8. Bc4
{[%clk 1:28:31]} b5 {[%clk 1:26:46]} 9. Bb3 {[%clk 1:28:12]} Nbd7 {[%clk
1:24:46]} 10. O-O {[%clk 1:27:53]} Bb7 {[%clk 1:21:39]} 11. Qd2 {[%clk 1:27:28]}
O-O {[%clk 1:18:56]} 12. Bf4 {[%clk 1:20:49]} Qb6 {[%clk 1:14:49]} 13. Ne5 {[%clk
1:10:36]} Nxe5 {[%clk 1:11:52]} 14. dxe5 {[%clk 1:07:09]} Rad8 {[%clk 1:08:46]}
15. Qe2 {[%clk 1:06:46]} Nh5 {[%clk 1:02:49]} 16. Bg5 {[%clk 1:02:26]} Ng3 {[%clk
0:55:55]} 17. Qe1 {[%clk 0:53:23]} Nxf1 {[%clk 0:55:38]} 18. Kxf1 {[%clk
0:53:34]} Rfe8 {[%clk 0:53:56]} 19. Qe2 {[%clk 0:42:59]} c5 {[%clk 0:52:58]} 20.
a4 {[%clk 0:35:05]} c4 {[%clk 0:52:00]} 21. Ba2 {[%clk 0:33:40]} f6 {[%clk
0:50:28]} 22. exf6 {[%clk 0:23:29]} exf6 {[%clk 0:49:58]} 23. Be3 {[%clk
0:22:29]} Qc6 {[%clk 0:49:58]} 24. f3 {[%clk 0:14:19]} Qc7 {[%clk 0:44:28]} 25.
axb5 {[%clk 0:10:52]} axb5 {[%clk 0:36:32]} 26. Nxb5 {[%clk 0:08:00]} Qe5 {[%clk
0:34:57]} 27. Bxc4+ {[%clk 0:05:42]} Kh8 {[%clk 0:34:43]} 28. Re1 {[%clk
0:05:31]} Qxb2 {[%clk 0:34:43]} 29. Bd3 {[%clk 0:04:59]} Bh6 {[%clk 0:31:47]} 30.
Qf2 {[%clk 0:05:19]} Bxe3 {[%clk 0:31:18]} 31. Rxe3 {[%clk 0:05:30]} Qc1+ {[%clk
0:29:31]} 32. Re1 {[%clk 0:05:40]} Rxe1+ {[%clk 0:27:53]} 33. Qxe1 {[%clk
0:06:01]} Qxe1+ {[%clk 0:28:14]} 34. Kxe1 {[%clk 0:06:29]} Ba6 {[%clk 0:27:26]}
35. Ke2 {[%clk 0:04:50]} Kg7 {[%clk 0:26:37]} 36. c4 {[%clk 0:04:17]} Rc8 {[%clk
0:23:45]} 37. Nd6 {[%clk 0:03:20]} Rc6 {[%clk 0:23:12]} 38. Nb5 {[%clk 0:03:09]}
Kf7 {[%clk 0:22:19]} 39. Ke3 {[%clk 0:02:51]} Ke7 {[%clk 0:18:24]} 40. Kd4 {[%clk
0:30:51]} Kd7 {[%clk 0:45:54]} 41. Be4 {[%clk 0:24:17]} Rb6 {[%clk 0:42:17]} 42.
Kc5 {[%clk 0:23:38]} Bxb5 {[%clk 0:42:17]} 43. cxb5 {[%clk 0:23:52]} Kc7 {[%clk
0:40:24]} 44. Bd5 {[%clk 0:24:01]} h6 {[%clk 0:39:56]} 45. Bc6 {[%clk 0:23:40]}
Rb8 {[%clk 0:39:29]} 46. Kd5 {[%clk 0:23:54]} Rf8 {[%clk 0:38:37]} 47. Ke6 {[%clk
0:24:04]} f5 {[%clk 0:37:05]} 48. Ke7 {[%clk 0:24:19]} Rd8 {[%clk 0:37:24]} 49.
Kf7 {[%clk 0:22:35]} Rd6 {[%clk 0:37:04]} 50. Kg7 {[%clk 0:22:40]} g5 {[%clk
0:36:10]} 51. Be8 {[%clk 0:18:20]} Re6 {[%clk 0:33:49]} 52. Bg6 {[%clk 0:15:33]}
Re2 {[%clk 0:32:45]} 53. g4 {[%clk 0:13:59]} fxg4 {[%clk 0:32:24]} 54. hxg4
{[%clk 0:11:56]} Rh2 {[%clk 0:31:42]} 55. Bh5 {[%clk 0:10:51]} Rf2 {[%clk
0:30:42]} 56. Kxh6 {[%clk 0:10:32]} Rxf3 {[%clk 0:31:05]} 57. Kxg5 {[%clk
0:10:57]} Rg3 {[%clk 0:31:08]} 58. Kf5 {[%clk 0:10:40]} Kb6 {[%clk 0:31:25]} 59.
Be8 {[%clk 0:10:41]} Re3 {[%clk 0:31:15]} 60. Bc6 {[%clk 0:10:59]} Re7 {[%clk
0:31:00]} 61. g5 {[%clk 0:11:13]} Rg7 {[%clk 0:30:20]} 62. g6 {[%clk 0:11:03]}
Rg8 {[%clk 0:28:55]} 63. Kf6 {[%clk 0:11:25]} Rf8+ {[%clk 0:28:04]} 64. Kg7
{[%clk 0:11:23]} Rf4 {[%clk 0:26:53]} 65. Kh7 {[%clk 0:09:21]} Rh4+ {[%clk
0:27:13]} 66. Kg8 {[%clk 0:09:38]} Rf4 {[%clk 0:26:27]} 67. g7 {[%clk 0:09:23]}
Rg4 {[%clk 0:26:11]} 68. Be8 {[%clk 0:06:46]} Rg3 {[%clk 0:25:01]} 69. Kf8 {[%clk
0:07:01]} Rf3+ {[%clk 0:23:40]} 70. Bf7 {[%clk 0:06:41]} Rg3 {[%clk 0:24:04]} 71.
g8Q {[%clk 0:04:20]} Rxg8+ {[%clk 0:24:22]} 1/2-1/2

[Event "Women's Baku Chess Olympiad"]
[Site "chess24.com"]
[Date "2016.09.13"]
[Round "11"]
[White "Saira Rafique"]
[Black "Bekheet, Suhailah"]
[Result "1-0"]
[Board "2"]
[WhiteID "7802692"]
[WhiteElo "1104"]
[WhiteCountry "PAK"]
[WhiteFideId "7802692"]
[WhiteEloChange "9"]
[BlackID "10301216"]
[BlackElo "1059"]
[BlackCountry "KUW"]
[BlackFideId "10301216"]
[BlackEloChange "-9"]

1. e4 {[%clk 1:29:37]} e5 {[%clk 1:30:45]} 2. Nf3 {[%clk 1:29:50]} Nc6 {[%clk
1:30:57]} 3. Bc4 {[%clk 1:29:48]} Nd4 {[%clk 1:30:38]} 4. Nxe5 {[%clk 1:28:55]}
Qg5 {[%clk 1:30:50]} 5. Ng4 {[%clk 1:27:28]} Nf6 {[%clk 1:30:04]} 6. d3 {[%clk
1:26:46]} Bb4+ {[%clk 1:30:08]} 7. c3 {[%clk 1:24:51]} Qh4 {[%clk 1:28:03]} 8.
Nxf6+ {[%clk 1:20:52]} Qxf6 {[%clk 1:27:55]} 9. cxb4 {[%clk 1:20:39]} O-O {[%clk
1:28:06]} 10. O-O {[%clk 1:21:02]} h6 {[%clk 1:28:21]} 11. Nc3 {[%clk 1:19:26]}
Qe5 {[%clk 1:27:32]} 12. Be3 {[%clk 1:15:36]} c5 {[%clk 1:26:47]} 13. bxc5 {[%clk
1:12:45]} Qxc5 {[%clk 1:26:54]} 14. Na4 {[%clk 1:10:08]} Qd6 {[%clk 1:26:22]} 15.
Nc3 {[%clk 1:08:05]} b6 {[%clk 1:26:25]} 16. Bd5 {[%clk 1:07:36]} Nc6 {[%clk
1:25:08]} 17. Nb5 {[%clk 1:04:54]} Qe5 {[%clk 1:24:40]} 18. Rb1 {[%clk 1:01:40]}
Ba6 {[%clk 1:23:49]} 19. a4 {[%clk 0:57:36]} Rac8 {[%clk 1:24:02]} 20. Bxc6
{[%clk 0:51:30]} dxc6 {[%clk 1:22:40]} 21. Nxa7 {[%clk 0:51:35]} Rce8 {[%clk
1:23:00]} 22. Bxb6 {[%clk 0:49:56]} Qg5 {[%clk 1:22:46]} 23. Re1 {[%clk 0:48:58]}
Re6 {[%clk 1:22:54]} 24. Rc1 {[%clk 0:47:38]} Rg6 {[%clk 1:23:09]} 25. g3 {[%clk
0:45:30]} Bb7 {[%clk 1:23:07]} 26. b4 {[%clk 0:41:56]} c5 {[%clk 1:23:11]} 27.
Rxc5 {[%clk 0:41:15]} f5 {[%clk 1:22:59]} 28. Qc1 {[%clk 0:25:10]} Qg4 {[%clk
1:22:45]} 29. Bc7 {[%clk 0:22:27]} Qh3 {[%clk 1:22:46]} 30. Nc6 {[%clk 0:18:48]}
Rf7 {[%clk 1:22:30]} 31. Ne5 {[%clk 0:17:19]} Bxe4 {[%clk 1:22:02]} 32. dxe4
{[%clk 0:17:12]} Rgf6 {[%clk 1:21:45]} 33. Nxf7 {[%clk 0:16:46]} Kxf7 {[%clk
1:21:48]} 34. f4 {[%clk 0:13:55]} g5 {[%clk 1:21:44]} 35. a5 {[%clk 0:11:51]}
gxf4 {[%clk 1:22:03]} 36. Bxf4 {[%clk 0:11:47]} h5 {[%clk 1:22:22]} 37. Qc2
{[%clk 0:10:49]} h4 {[%clk 1:22:38]} 38. Rxf5 {[%clk 0:10:29]} hxg3 {[%clk
1:22:36]} 39. Bxg3 {[%clk 0:10:28]} Kg6 {[%clk 1:22:47]} 40. Rxf6+ {[%clk
0:40:45]} Kxf6 {[%clk 1:53:02]} 41. a6 {[%clk 0:40:47]} Qe6 {[%clk 1:52:32]} 42.
Rf1+ {[%clk 0:40:26]} Ke7 {[%clk 1:52:43]} 43. Qc7+ {[%clk 0:40:00]} Qd7 {[%clk
1:52:48]} 44. Qxd7+ {[%clk 0:39:56]} Kxd7 {[%clk 1:53:08]} 45. a7 {[%clk
0:40:19]} Kc8 {[%clk 1:53:37]} 46. a8Q+ {[%clk 0:40:19]} Kd7 {[%clk 1:54:02]} 47.
Qa6 {[%clk 0:40:16]} Ke8 {[%clk 1:54:16]} 1-0

[Event "Women's Baku Chess Olympiad"]
[Site "chess24.com"]
[Date "2016.09.13"]
[Round "11"]
[White "Baqer, Fatemah Alzahraa"]
[Black "Wasif, Zenobia"]
[Result "0-1"]
[Board "3"]
[WhiteID "10301291"]
[WhiteElo "1204"]
[WhiteCountry "KUW"]
[WhiteFideId "10301291"]
[WhiteEloChange "-2"]
[BlackID "7800746"]
[BlackElo "1566"]
[BlackCountry "PAK"]
[BlackFideId "7800746"]
[BlackEloChange "2"]

1. e4 {[%clk 1:30:39]} e5 {[%clk 1:30:53]} 2. Nf3 {[%clk 1:30:59]} d6 {[%clk
1:31:16]} 3. h3 {[%clk 1:30:49]} c5 {[%clk 1:31:27]} 4. Bc4 {[%clk 1:30:08]} h6
{[%clk 1:31:40]} 5. d3 {[%clk 1:29:46]} Nf6 {[%clk 1:31:53]} 6. Nc3 {[%clk
1:29:40]} Nc6 {[%clk 1:32:12]} 7. Be3 {[%clk 1:29:44]} Be7 {[%clk 1:32:26]} 8.
Qd2 {[%clk 1:29:46]} Nd4 {[%clk 1:32:33]} 9. O-O-O {[%clk 1:26:51]} Be6 {[%clk
1:31:53]} 10. Bxe6 {[%clk 1:24:53]} fxe6 {[%clk 1:32:08]} 11. Rhg1 {[%clk
1:20:32]} O-O {[%clk 1:32:11]} 12. a3 {[%clk 1:17:41]} b5 {[%clk 1:32:25]} 13.
Rge1 {[%clk 1:15:46]} a5 {[%clk 1:32:25]} 14. a4 {[%clk 1:12:52]} Qb6 {[%clk
1:26:53]} 15. Nxb5 {[%clk 1:10:41]} Nxb5 {[%clk 1:26:48]} 16. axb5 {[%clk
1:10:37]} Qxb5 {[%clk 1:27:12]} 17. Qc3 {[%clk 1:10:29]} Rfb8 {[%clk 1:26:04]}
18. b3 {[%clk 1:08:56]} a4 {[%clk 1:23:00]} 19. Kd2 {[%clk 1:07:45]} axb3 {[%clk
1:22:18]} 20. Rb1 {[%clk 1:07:23]} b2 {[%clk 1:18:16]} 21. Ke2 {[%clk 1:04:41]}
Bd8 {[%clk 1:17:13]} 22. Bd2 {[%clk 1:03:41]} Ra4 {[%clk 1:12:18]} 23. Kf1 {[%clk
1:02:20]} Ba5 {[%clk 1:12:30]} 24. Qxb2 {[%clk 0:56:49]} Qxb2 {[%clk 1:12:34]}
25. Rxb2 {[%clk 0:57:02]} Rxb2 {[%clk 1:12:59]} 26. Bc1 {[%clk 0:57:14]} Rxc2
{[%clk 1:12:38]} 27. Rd1 {[%clk 0:56:31]} Ra1 {[%clk 1:12:46]} 28. g3 {[%clk
0:55:25]} Rcxc1 {[%clk 1:12:48]} 29. Rxc1 {[%clk 0:55:26]} Rxc1+ {[%clk 1:13:10]}
30. Kg2 {[%clk 0:55:50]} Rd1 {[%clk 1:11:27]} 31. g4 {[%clk 0:54:39]} g5 {[%clk
1:11:03]} 32. h4 {[%clk 0:53:59]} gxh4 {[%clk 1:10:54]} 33. Nxh4 {[%clk 0:54:13]}
Rxd3 {[%clk 1:10:50]} 34. f3 {[%clk 0:54:14]} Kg7 {[%clk 1:11:00]} 35. Kh3 {[%clk
0:53:37]} c4 {[%clk 1:11:02]} 36. Kg3 {[%clk 0:51:26]} Be1+ {[%clk 1:11:12]} 37.
Kh3 {[%clk 0:51:20]} Bxh4 {[%clk 1:11:32]} 38. Kxh4 {[%clk 0:51:39]} Rd1 {[%clk
1:11:17]} 39. g5 {[%clk 1:21:48]} hxg5+ {[%clk 1:41:12]} 40. Kxg5 {[%clk
1:22:09]} c3 {[%clk 1:41:35]} 41. f4 {[%clk 1:22:20]} exf4 {[%clk 1:41:47]} 42.
Kxf4 {[%clk 1:22:30]} c2 {[%clk 1:42:11]} 43. e5 {[%clk 1:22:46]} dxe5+ {[%clk
1:42:30]} 44. Kxe5 {[%clk 1:22:55]} c1Q {[%clk 1:42:47]} 45. Kxe6 {[%clk
1:23:18]} Qe3+ {[%clk 1:42:38]} 46. Kf5 {[%clk 1:23:27]} Rf1# {[%clk 1:41:14]}
0-1

[Event "Women's Baku Chess Olympiad"]
[Site "chess24.com"]
[Date "2016.09.13"]
[Round "11"]
[White "Kukula, Esi"]
[Black "Ibtihal Mohammed"]
[Result "0-1"]
[Board "2"]
[WhiteID "12600555"]
[WhiteElo "1264"]
[WhiteCountry "GHA"]
[WhiteFideId "12600555"]
[WhiteEloChange "-4"]
[BlackID "12201529"]
[BlackElo "1479"]
[BlackCountry "SUD"]
[BlackFideId "12201529"]
[BlackEloChange "4"]

1. e4 {[%clk 1:30:47]} c5 {[%clk 1:30:54]} 2. Bc4 {[%clk 1:30:20]} Nc6 {[%clk
1:31:17]} 3. Ne2 {[%clk 1:28:10]} g6 {[%clk 1:31:30]} 4. a3 {[%clk 1:26:47]} Bg7
{[%clk 1:31:53]} 5. O-O {[%clk 1:26:37]} Nf6 {[%clk 1:31:51]} 6. Nbc3 {[%clk
1:26:40]} O-O {[%clk 1:32:10]} 7. f3 {[%clk 1:26:56]} a6 {[%clk 1:32:09]} 8. d3
{[%clk 1:27:00]} b5 {[%clk 1:32:30]} 9. Ba2 {[%clk 1:26:35]} d6 {[%clk 1:28:39]}
10. Be3 {[%clk 1:23:26]} Bd7 {[%clk 1:27:48]} 11. Qd2 {[%clk 1:22:19]} Qb6 {[%clk
1:23:51]} 12. Rfd1 {[%clk 1:17:21]} a5 {[%clk 1:22:57]} 13. Kf1 {[%clk 1:17:07]}
b4 {[%clk 1:22:29]} 14. Nd5 {[%clk 1:12:44]} Nxd5 {[%clk 1:22:38]} 15. exd5
{[%clk 1:13:07]} Nd8 {[%clk 1:20:13]} 16. Rab1 {[%clk 1:03:07]} Qc7 {[%clk
1:16:16]} 17. Bc4 {[%clk 1:01:57]} e6 {[%clk 1:15:02]} 18. b3 {[%clk 1:01:15]}
bxa3 {[%clk 1:14:52]} 19. Bh6 {[%clk 0:59:05]} a2 {[%clk 1:14:57]} 20. Bxg7
{[%clk 0:58:09]} axb1Q {[%clk 1:15:12]} 21. Rxb1 {[%clk 0:58:37]} Kxg7 {[%clk
1:15:05]} 22. Ng3 {[%clk 0:53:58]} exd5 {[%clk 1:15:29]} 23. Bxd5 {[%clk
0:52:59]} Bc6 {[%clk 1:15:42]} 24. Bc4 {[%clk 0:52:59]} d5 {[%clk 1:15:42]} 25.
Bxd5 {[%clk 0:34:17]} Bxd5 {[%clk 1:14:54]} 26. Ne4 {[%clk 0:31:53]} Bxe4 {[%clk
1:14:09]} 27. fxe4 {[%clk 0:31:45]} Ne6 {[%clk 1:14:13]} 28. g3 {[%clk 0:31:19]}
Rfd8 {[%clk 1:12:44]} 29. Qc3+ {[%clk 0:29:48]} Kg8 {[%clk 1:13:00]} 30. Ke2
{[%clk 0:19:04]} a4 {[%clk 1:13:00]} 31. Kd1 {[%clk 0:17:14]} a3 {[%clk 1:13:21]}
32. b4 {[%clk 0:16:46]} a2 {[%clk 1:13:40]} 33. bxc5 {[%clk 0:17:12]} 0-1